• 首页
  • 本馆介绍
  • 公告通知
  • 最新文献
  • 馆藏检索
  • 电子资源
  • 读者导购
  • 参考咨询
  • 我的图书馆
  • 登录
  • 详细信息显示
  • 放入我的书架
  • 预约/预借图书
  • 作者相关作品
  • 分类相关作品
  • 丛书相关作品
  • 出版社相关作品

书目信息

  • 表格格式
  • 工作单格式
  • 卡片格式
题名:
石林燕语
    
 
作者: 叶梦得 著
分册:  
出版信息: 北京   中华书局  1984.5
页数: 232页
开本: 20cm
丛书名: 唐宋史料笔记丛刊
单 册:
中图分类: K245.06
科图分类:
主题词: 中国--历史
电子资源:
ISBN:
000 00575nam0 2200217 45
001 0312221749
005 20051201110752.14
010    @dCNY0.86
091    @a11018.1232
100    @a20031222d1984 km y0chiy0120 ea
101    @achi
200 1  @a石林燕语@AShi Lin Yan Yu@f(宋)叶梦得著@F(Song)Ye Meng De Zhu
210    @a北京@c中华书局@d1984.5
215    @a232页@d20cm
225 2  @a唐宋史料笔记丛刊
410  0 @12001 @a唐宋史料笔记丛刊
606 0  @a中国@x历史
690    @aK245.06@v3
701 0  @a叶梦得@4著
801    @aCN@bTSTCL@c20051201
905    @dK245.06@e1@f1@b119460
    
    石林燕语/(宋)叶梦得著.-北京:中华书局,1984.5
    232页;20cm.-(唐宋史料笔记丛刊)
    
    
    ISBN :CNY0.86
    
●
相关链接 在E读中查询图书 在五车中查询图书 在当当中查询图书 在豆瓣中查询图书


正题名:石林燕语     索取号:K245.06/1         预约/预借

序号 登录号 条形码 馆藏地/架位号 状态 备注
1 0119460   000643067   第二借阅区/ [索取号:K245.06/1] 在馆    
2 0119461   202162499   密集书库/ [索取号:K245.06/1] 在馆    
3 0119462   001865011   密集书库/ [索取号:K245.06/1] 在馆    
4 0119463   001864977   密集书库/ [索取号:K245.06/1] 在馆    
5 0119464   000643058   第二样本阅览室/ [索取号:K245.06/1] 在馆    
唐山师范学院图书馆 欢迎您!
大连网信软件有限公司© 版权所有